Automatic Control System (Record no. 46)

MARC details
000 -LEADER
Fixed length control field 00481nam a2200205 4500
003 - CONTROL NUMBER IDENTIFIER
Control field SEACOMEC
005 - DATE AND TIME OF LATEST TRANSACTION
Control field 20231004060002.0
008 - FIXED-LENGTH DATA ELEMENTS--GENERAL INFORMATION
Fixed length control field 231004b |||||||| |||| 00| 0 eng d
020 ## - INTERNATIONAL STANDARD BOOK NUMBER / ISBN
Price $6.25
040 ## - CATALOGING SOURCE
Original cataloging agency SEACOMEC
082 ## - DEWEY DECIMAL CLASSIFICATION NUMBER
Classification number 621.517
Book Number AUT
100 ## - MAIN ENTRY--PERSONAL NAME
Personal name Kuo, benjamin C.
245 ## - TITLE STATEMENT
Title Automatic Control System
250 ## - EDITION STATEMENT
Edition statement 8th
260 ## - IMPRINT
Place of publication Singapore
Name of publisher John Wiley
Date of publication 2003
600 ## - SUBJECT ADDED ENTRY--PERSONAL NAME
Personal name Golnaraglsi, Farid
650 ## - SUBJECT ADDED ENTRY--TOPICAL TERM
Topical term Electronics
700 ## - ADDED ENTRY--PERSONAL NAME
Personal name Benjamin C Kuo
942 ## - ADDED ENTRY ELEMENTS (KOHA)
Koha item type Books
Holdings
Withdrawn status Lost status Source of classification Damaged status Not for loan Home library Current library Date acquired Total Checkouts Call number Date last seen Copy number Price effective from Koha item type
    Dewey Decimal Classification     SEACOM ENGINEERING COLLEGE SEACOM ENGINEERING COLLEGE 04/10/2023   621.517 AUT 04/10/2023 5 04/10/2023 Books
    Dewey Decimal Classification     SEACOM ENGINEERING COLLEGE SEACOM ENGINEERING COLLEGE 04/10/2023   621.517 AUT 04/10/2023 6 04/10/2023 Books
    Dewey Decimal Classification     SEACOM ENGINEERING COLLEGE SEACOM ENGINEERING COLLEGE 04/10/2023   621.517 AUT 04/10/2023 7 04/10/2023 Books
    Dewey Decimal Classification     SEACOM ENGINEERING COLLEGE SEACOM ENGINEERING COLLEGE 04/10/2023   621.517 AUT 04/10/2023 8 04/10/2023 Books
    Dewey Decimal Classification     SEACOM ENGINEERING COLLEGE SEACOM ENGINEERING COLLEGE 04/10/2023   621.517 AUT 04/10/2023 9 04/10/2023 Books
© Seacom Engineering College, All rights reserved.      Powered by Koha